The weather almanac : a reference guide to weather, climate, and air quality in the United States and its key cities, comprising statistics, principles, and terminology ... /

Bibliographic Details
Main Author: Ruffner, James A.
Other Authors: Bair, Frank E.
Format: Book
Language:English
Published: Detroit, Mich. : Gale Research Co., [1987]
Edition:5th ed.
Subjects:

MARC

Tag First Indicator Second Indicator Subfields
LEADER 00000cam a2200000 a 4500
001 in00000010414
005 20151007051349.0
008 870127s1987 miuabd b 00110 eng d
010 |a  81644322  
035 |a (OCoLC)15118556 
035 |9 AAA2622AM 
040 |a MOZ  |c MOZ  |d m/c  |d TXA  |d UtOrBLW 
049 |a TXAF [Also in] [Maproom]  |c 1 [A10019503]  |a TXAC  |c 2 [A11705262] 
050 4 |a QC983  |b .R83 1987 
100 1 |a Ruffner, James A. 
245 1 4 |a The weather almanac :  |b a reference guide to weather, climate, and air quality in the United States and its key cities, comprising statistics, principles, and terminology ... /  |c James A. Ruffner and Frank E. Bair, editors. 
250 |a 5th ed. 
264 1 |a Detroit, Mich. :  |b Gale Research Co.,  |c [1987] 
264 4 |c ©1987 
300 |a viii, 811 pages :  |b illustrations, maps, charts ;  |c 29 cm. 
336 |a text  |b txt  |2 rdacontent 
337 |a unmediated  |b n  |2 rdamedia 
338 |a volume  |b nc  |2 rdacarrier 
500 |a Featuring 30-year climatic normals for 1951-1980, as well as climatic histories through 1985. 
504 |a Includes bibliographical references and index. 
651 0 |a United States  |x Climate  |x Handbooks, manuals, etc. 
650 0 |a Air quality  |z United States  |x Handbooks, manuals, etc. 
650 0 |a Climatology  |x Handbooks, manuals, etc. 
700 1 |a Bair, Frank E. 
999 |a MARS 
999 f f |s 5ee6a5c5-d459-3fa3-b1be-6628fdab2c5f  |i 3d19a602-c75c-3778-9507-284867bb6b43  |t 0 
952 f f |p ric  |a Texas A&M University  |b Rellis Campus  |c Joint Library Facility  |s JLF  |d Remote Storage  |t 0  |e QC983 .R83 1987  |h Library of Congress classification  |i unmediated -- volume  |m A14811705262 
998 f f |a QC983 .R83 1987  |t 0  |l Remote Storage